| 000 | 01833cam a22003497a 4500 | ||
|---|---|---|---|
| 001 | 18252784 | ||
| 005 | 20150503125744.0 | ||
| 008 | 140804s2014 enk frb 001 0 eng d | ||
| 015 |
_aGBB465229 _2bnb |
||
| 020 | _a9781137393616 (hardback) | ||
| 020 | _a1137393610 (hardback) | ||
| 020 | _a9781137393623 (paperback) | ||
| 020 | _a1137393629 (paperback) | ||
| 040 |
_aDLC _beng _cDLC _dEG-ScBUE |
||
| 082 | 0 | 4 |
_222 _a303.4833 _bWHI |
| 100 | 1 |
_aWhite, Andrew, _d1970- _937776 |
|
| 245 | 1 | 0 |
_aDigital media and society : _btransforming economics, politics and social practices / _cAndrew White. |
| 260 |
_aBasingstoke, Hampshire ; _aNew York : _bPalgrave Macmillan, _c2014. |
||
| 300 |
_axiii, 222 p. ; _c22 cm. |
||
| 500 | _aIndex : p. 217-222. | ||
| 504 | _aBibliography : p. 196-216. | ||
| 505 | 0 | _aPolitics and digital media: the impact of digital media on the public and private spheres. From the public to the private: the digitization of scholarship -- From the private to the public: online identity -- Digital media and politics in the liberal democratic state -- The digital economy. The digital economy and the creative industries -- The digital economy and the global financial crisis -- Digital media use. Reading/using digital media -- The new social movements -- Surveillance: the role of databases in contemporary societies -- Digital media use in the developing world -- Epilogues. | |
| 650 | 7 |
_aInformation society. _2BUEsh _937393 |
|
| 650 | 7 |
_aDigital media _xSocial aspects. _2BUEsh _937777 |
|
| 650 | 7 |
_aMass media _xTechnological innovations. _2BUEsh _937780 |
|
| 650 | 7 |
_aInformation technology _xSocial aspects. _2BUEsh _937778 |
|
| 650 | 7 |
_aInformation technology _xPolitical aspects. _2BUEsh _937779 |
|
| 651 | _2BUEsh | ||
| 653 |
_bCOMAME _cApril2015 |
||
| 655 |
_vreading book _934232 |
||
| 942 | _2ddc | ||
| 999 |
_c19241 _d19213 |
||